| 000 | 01345nam a22002177a 4500 | ||
|---|---|---|---|
| 999 |
_c59928 _d59928 |
||
| 003 | Ge_BSU | ||
| 005 | 20230517162411.0 | ||
| 008 | 230517b xxu||||| |||| 00| 0 geo d | ||
| 020 | _a9789941488658 | ||
| 041 | _ageo | ||
| 080 | _a159.9 ჩ-12 | ||
| 100 |
_aჩაგანავა, გურამ _918098 |
||
| 245 |
_aაპროპრიაციის ფსიქოლოგიის პრობლემები / _cგურამ ჩაგანავა; რედაქტორი ილია კეჭაყმაძე; ბათუმის შოთა რუსთაველის სახელმწიფო უნივერსიტეტი. ნიკო ბერძენიშვოლის ინსტიტუტი. |
||
| 264 |
_aბათუმი : _bბსუ, _c2023. |
||
| 300 |
_a442 გვ.; _b25 სმ. |
||
| 504 | _aბიბლიოგრ. გვ. 432-441 | ||
| 653 | _aმიკუთვნების ფსიქოლოგია | ||
| 700 |
_aკეჭაყმაძე, ილია _eრედაქტორი _918099 |
||
| 710 |
_aბათუმის შოთა რუსთაველის სახელმწიფო უნივერსიტეტი. _bნიკო ბერძენიშვოლის ინსტიტუტი _918100 |
||
| 942 |
_2udc _cBK |
||